Capocannonieri degli Europei di Calcio - Statistics

Statistiche generali
  • Questo quiz è stato fatto 234 volte
    132 dall'ultimo reset
  • Il punteggio medio è 12 su 38
Statistiche sulle risposte
Edizione Nazione Capocannoniere % Corretto
2012 Portogallo Cristiano Ronaldo
96%
2020 Portogallo Cristiano Ronaldo
96%
2024 Inghilterra Harry Kane
79%
1976 Germania Ovest Dieter Müller
62%
1972 Germania Ovest Gerd Müller
62%
2020 Repubblica Ceca Patrik Schick
62%
2012 Italia Mario Balotelli
60%
2016 Francia Antoine Griezmann
59%
1984 Francia Michel Platini
56%
2008 Spagna David Villa
53%
2024 Germania Jamal Musiala
53%
1988 Paesi Bassi Marco Van Basten
50%
2024 Paesi Bassi Cody Gakpo
47%
2012 Spagna Fernando Torres
47%
2024 Georgia Georges Mikautadze
45%
2012 Croazia Mario Mandžukić
44%
2024 Spagna Dani Olmo
43%
1996 Inghilterra Alan Shearer
24%
2012 Germania Mario Gómez
24%
2000 Paesi Bassi Patrick Kluivert
22%
2004 Repubblica Ceca Milan Baroš
14%
2024 Slovacchia Ivan Schranz
11%
1992 Paesi Bassi Dennis Bergkamp
9%
1992 Svezia Tomas Brolin
7%
2012 Russia Alan Dzagoev
6%
2000 Jugoslavia Savo Milošević
4%
1960 Unione Sovietica Valentin Koz'mič Ivanov
4%
1968 Jugoslavia Dragan Džajić
3%
1960 Jugoslavia Dražan Jerković
3%
1964 Ungheria Ferenc Bene
3%
1992 Danimarca Henrik Larsen
3%
1992 Germania Karl-Heinz Riedle
3%
1964 Ungheria Dezső Novák
2%
1960 Francia François Heutte
2%
1964 Spagna Jesús María Pereda
2%
1980 Germania Ovest Klaus Allofs
2%
1960 Jugoslavia Milan Galić
2%
1960 Unione Sovietica Viktor Ponedel'nik
2%
Nessun quiz corrispondente trovato
Distribuzione punteggi
Percentuale di utenti per punteggio
Percentile per numero di risposta
I tuoi punteggi nel tempo
Non hai fatto questo quiz dall'ultimo reset